Buffy The Vampire Slayer Season 1 Episode Trivia Quiz - Statistics

General Stats
  • This quiz has been taken 293 times
  • The average score is 9 of 12
Answer Stats
EP/Title Answer % Correct
EP1 Welcome to the Hellmouth
91%
The Harvest EP2
85%
Witch EP3
85%
Never Kill a Boy on the First Date EP5
85%
The Pack EP6
85%
The Puppet Show EP9
84%
Nightmares EP10
83%
EP12 Prophecy Girl
63%
EP7 Angel
59%
EP8 I Robot...You Jane
53%
EP4 Teacher's Pet
48%
EP11 Out of Mind Out of Sight
39%
No matching quizzes found
Score Distribution
Percent of People with Each Score
Percentile by Number Answered
Your Score History
You have not taken this quiz